<?xml version="1.0" encoding="UTF-8"?>
<record
    xmlns:xsi="http://www.w3.org/2001/XMLSchema-instance"
    xsi:schemaLocation="http://www.loc.gov/MARC21/slim http://www.loc.gov/standards/marcxml/schema/MARC21slim.xsd"
    xmlns="http://www.loc.gov/MARC21/slim">

  <leader>01329naa a22002174i 4500</leader>
  <controlfield tag="001">768714001</controlfield>
  <controlfield tag="003">CO-MdFUSB</controlfield>
  <controlfield tag="005">20260313104521.0</controlfield>
  <controlfield tag="008">190311s1995    sp ||||| |||| 00| 0 spa d</controlfield>
  <datafield tag="022" ind1=" " ind2=" ">
    <subfield code="a">0210-1041</subfield>
  </datafield>
  <datafield tag="040" ind1=" " ind2=" ">
    <subfield code="a">CO-MdFUSB</subfield>
    <subfield code="b">spa</subfield>
    <subfield code="c">CO-MdFUSB</subfield>
    <subfield code="d">CO-MdFUSB</subfield>
  </datafield>
  <datafield tag="041" ind1=" " ind2=" ">
    <subfield code="a">spa</subfield>
  </datafield>
  <datafield tag="100" ind1=" " ind2=" ">
    <subfield code="a">Metzger, Marcel</subfield>
    <subfield code="e">autor</subfield>
  </datafield>
  <datafield tag="245" ind1="0" ind2="0">
    <subfield code="a">Liturgia y cosmos</subfield>
    <subfield code="c">/ Marcel Metzger</subfield>
  </datafield>
  <datafield tag="300" ind1=" " ind2=" ">
    <subfield code="a">N&#xFA;mero 259 (1995), p&#xE1;ginas 431-440</subfield>
    <subfield code="c">: 21 cm</subfield>
  </datafield>
  <datafield tag="520" ind1=" " ind2=" ">
    <subfield code="a">Entre la &#xFA;ltima cena y las celebraciones eclesiales de los siglos Vl y Vll, &#xA1;qu&#xE9; enormes diferencias en el ceremonial en el marco! En tiempos de Justiniano, en Bizancio y en Roma, la liturgia llevaba consigo un amplio despliegue en espacios grandiosos, con la participaci&#xF3;n de numerosos ministros, una schola cantorum, procesiones, vestimentas santuosas, ritos a&#xF1;adidos al ceremonial primitivo, etc. La liturgia se hab&#xED;a hecho muy expresiva, visual, sonora y gestual; pon&#xED;a en obra a los cinco sentidos; &#xA1;hasta al olfato, con el incienso y la mirra!; y se desplegaba en un decorado que representaba al universo renovado por la salvaci&#xF3;n. </subfield>
  </datafield>
  <datafield tag="650" ind1=" " ind2="7">
    <subfield code="9">206</subfield>
    <subfield code="a">Liturgia</subfield>
  </datafield>
  <datafield tag="773" ind1="0" ind2=" ">
    <subfield code="0">49450</subfield>
    <subfield code="9">60421</subfield>
    <subfield code="o">R0851</subfield>
    <subfield code="t">Revista internacional de teolog&#xED;a Concilium</subfield>
    <subfield code="w">(CO-MdFUSB)8</subfield>
    <subfield code="x">0210-1041</subfield>
    <subfield code="g">N&#xFA;mero 259 (1995), p&#xE1;ginas 431-440</subfield>
    <subfield code="q">P&#xE1;gina 431</subfield>
  </datafield>
  <datafield tag="942" ind1=" " ind2=" ">
    <subfield code="c">ANA</subfield>
  </datafield>
  <datafield tag="945" ind1=" " ind2=" ">
    <subfield code="a">JTF-925</subfield>
  </datafield>
  <datafield tag="999" ind1=" " ind2=" ">
    <subfield code="c">64878</subfield>
    <subfield code="d">64878</subfield>
  </datafield>
</record>
